000 01218cam a22003734a 4500
003 OSt
005 20140311162958.0
008 090929s2009 ph b 001 0 eng
010 _a 2009316933
020 _aC10540
040 _aDLC
_cDLC
_dDLC
042 _alcode
043 _aa-ph---
050 0 0 _aLB2767
_b.Sa246 2009
082 _aFIL 344.0720599
_bSa7 2009
100 1 _aSarmiento, Ulpiano P.
_q(Ulpiano Planes)
245 1 0 _aEducation law and the private schools :
_ba practical guide for educational leaders and policymakers
_cSarmiento 111, Ulpiano
260 _a[Manila] :
_bUlpiano P. Sarmiento,
_cc2009.
300 _axv, 1031 p. ;
_c29 cm.
500 _a"List of cases": p. 1012-1025.
504 _aIncludes bibliographical references and index.
521 _a Highschool to College student
526 _c 0L to 1700L
541 _j1
541 _j2
541 _j3
541 _j4
562 _e4
650 0 _aPrivate schools
_xLaw and legislation
_zPhilippines.
650 0 _aEducational law and legislation
_zPhilippines.
906 _a7
_bcbc
_corigode
_d2
_encip
_f20
_gy-gencatlg
942 _2lcc
_cBK
_kFIL
999 _c39127
_d39127